Čím skôr dokončiť celé dielo. Čo možno očakávať od Medzinárodného súdneho dvora v spore o Gabčíkovo-Nagymaros.

Medzinárodné právo, arbitráž a precedensy, ktoré pripadajú do úvahy pri riešení sporu medzi Slovenskom a Maďarskom na Medzinárodnom súdnom dvore v Haagu.

Saved in:
Bibliographic Details
Main Author: Ambrus, M.
Format: Book Chapter
Language:Slovak
Subjects:
Tags: Add Tag
No Tags, Be the first to tag this record!

MARC

LEADER 00000naa a2200000 4500
001 r012674
005 20220826094924.2
041 0 |a slo 
044 |a SK 
245 1 0 |a Čím skôr dokončiť celé dielo.  |b Čo možno očakávať od Medzinárodného súdneho dvora v spore o Gabčíkovo-Nagymaros.  |c M. Ambrus 
520 |a Medzinárodné právo, arbitráž a precedensy, ktoré pripadajú do úvahy pri riešení sporu medzi Slovenskom a Maďarskom na Medzinárodnom súdnom dvore v Haagu. 
610 2 0 |a diela vodné 
610 2 0 |a Gabčíkovo-Nagymaros 
610 2 0 |a Medzinárodný súdny dvor Haag 
610 2 0 |a právo medzinárodné 
100 1 |a Ambrus, M.